Largest City In Every State Excluding the Capital - Statistics

General Stats
  • This quiz has been taken 35 times
  • The average score is 31 of 50
Answers on the Map
Answers color-coded by a green-red scale on the quiz's map according to % correct below.
 
Answer Stats
State Cities % Correct
Nevada Las Vegas
97%
California Los Angeles
94%
Maine Portland
94%
Oregon Portland
94%
Washington Seattle
94%
Texas Houston
91%
Michigan Detroit
88%
Tennessee Memphis
88%
Louisiana New Orleans
88%
New Mexico Albuquerque
84%
Alaska Anchorage
84%
Illinois Chicago
81%
Florida Jacksonville
81%
Minnesota Minneapolis
81%
New York New York City
81%
South Carolina Charleston
78%
Ohio Cleveland
78%
Missouri Kansas City
78%
North Carolina Charlotte
75%
Wisconsin Milwaukee
75%
Pennsylvania Philadelphia
75%
Arizona Tucson
75%
Nebraska Omaha
69%
Oklahoma Tulsa
69%
Maryland Baltimore
63%
Montana Billings
63%
Colorado Colorado Springs
63%
North Dakota Fargo
63%
Alabama Huntsville
63%
Kentucky Louisville
63%
South Dakota Sioux Falls
63%
Kansas Wichita
59%
Connecticut Bridgeport
50%
New Jersey Newark
50%
Virginia Virginia Beach
47%
New Hampshire Manchester
41%
Vermont Burlington
38%
Arkansas Fayetteville
38%
Indiana Fort Wayne
38%
Delaware Wilmington
38%
Wyoming Casper
31%
Georgia Columbus
31%
Iowa Cedar Rapids
28%
Massachusetts Worcester
28%
Mississippi Gulfport
25%
Utah West Valley City
25%
West Virginia Huntington
22%
Idaho Meridian
22%
Hawaii East Honolulu
16%
Rhode Isand Cranston
13%
No matching quizzes found
Score Distribution
Percent of People with Each Score
Percentile by Number Answered
Your Score History
You have not taken this quiz